"Pi" Day Quiz - Statistics

General Stats
  • This quiz has been taken 17,092 times
  • The average score is 14 of 20
Answer Stats
Hint Answer % Correct
Key ingredient in a Hawaiian pizza Pineapple
97%
The most well-known Pokémon character Pikachu
94%
His one wish was to become a real boy Pinocchio
93%
Sharp-toothed fish found in South American rivers Piranha
87%
One who illegally downloads copyrighted material Pirate
87%
Type of criminal that often targets tourists in Rome and Paris Pickpocket
81%
Animation studio once led by Steve Jobs Pixar
79%
One of the signs of the zodiac Pisces
77%
The French version of the name "Peter" Pierre
72%
One of Winnie-the-Pooh's friends Piglet
70%
In music, this word means quiet Piano
68%
Word that comes before "noir" and "grigio" Pinot
67%
City where Galileo lived Pisa
66%
"Circus" located in London's West End Piccadilly
65%
Miami-based rapper who calls himself "Mr. Worldwide" Pitbull
64%
Nut which originally came from Iran Pistachio
59%
Tiny gland which secretes human growth hormone Pituitary
54%
Former dictator of Chile Pinochet
47%
Sister of Kate Middleton Pippa
45%
Remote island settled by mutineers from the HMS Bounty Pitcairn
30%
No matching quizzes found
Score Distribution
Percent of People with Each Score
Percentile by Number Answered
Your Score History
You have not taken this quiz